NOVÉ SPÔSOBY LADENIA MECHANICKÝCH SÚSTAV

Bibliographic Details
Main Author: Homišin, Jaroslav, 1953- (Author)
Format: Article
Language:Slovak

MARC

LEADER 00000nab a2200000 a 4500
001 vtls011732366
003 SK-MaSNL
005 20260303160250.0
008 230222|2007 xo |||||||||||||||||slo
015 |a SNBRB 
035 |a (urnnbn)urn:nbn:sk:snk:ar-a08kzm 
035 |a urn:nbn:sk:snk-abf9tx 
035 |a (uuid)8566ea30-6038-442d-a6b7-98ed41a154cb 
040 |a SNKBUCL  |b slo  |c SNKBUCL  |e AACR2 
041 0 |a slo 
044 |a xo  |c SK 
100 1 |a Homišin, Jaroslav,  |d 1953-  |4 aut  |9 207262 
245 1 0 |a NOVÉ SPÔSOBY LADENIA MECHANICKÝCH SÚSTAV  |c Jaroslav Homišin 
773 0 |t Acta Mechanica Slovaca  |g Roč. 11, č. 4-A (2007), s. 7-20 
954 |a odborná, vedecká literatúra pôvodná (slovenská)  |2 lita 
958 |a OND 
958 |a EUIPO 
958 |a article24 
999 |c 2045607  |d 2047537